[Event "26. Herner Stadtmeisterschaft 2025"]
[Site "?"]
[Date "2025.02.10"]
[Round "3.32"]
[White "Bieger, Peter"]
[Black "Bock, Oswin"]
[Result "1-0"]
[WhiteElo "1828"]
[BlackElo "1369"]
[PlyCount "126"]
[GameId "2144218541171194"]
[EventDate "2025.??.??"]
[WhiteTeam "SF Fliegenpils e. V."]
[BlackTeam "SV Günnigfeld 1922 e."]

1. d4 Nf6 2. Nf3 e6 3. c4 Be7 4. Nc3 c6 5. e4 b6 6. e5 Ng8 7. Ne4 h6 8. Bd3 Na6 9. a3 Rb8 10. O-O Bb7 11. Re1 Bf8 12. Qa4 b5 13. cxb5 cxb5 14. Bxb5 Bxe4 15. Rxe4 Rxb5 16. Qxb5 Nc7 17. Qa4 Ne7 18. Bd2 Nc6 19. b4 a6 20. Rc1 Qa8 21. Ree1 Be7 22. Be3 O-O 23. Nd2 Nd5 24. Nc4 Nxe3 25. fxe3 Bh4 26. Rf1 Bg5 27. Qd1 Ne7 28. Qg4 Nf5 29. Rxf5 exf5 30. Qxf5 Qc8 31. Rc2 Qc6 32. Kf1 Qa4 33. Ke2 Qb3 34. Qd3 Qb1 35. Kf3 Qh1 36. Kg3 Qe1+ 37. Kf3 Qh1 38. Kg3 Qe1+ 39. Kf3 Qh1 40. h3 Bh4 41. Nd2 Kh8 42. Nf1 Qg1 43. g3 Qh1+ 44. Kg4 Be7 45. e4 h5+ 46. Kf4 Qxh3 47. Kf3 Qg4+ 48. Kg2 h4 49. Nh2 Qg6 50. Nf1 d5 51. exd6 Bxd6 52. Kf2 Qe6 53. e5 Be7 54. Ne3 g6 55. Qc4 Qb6 56. Nd5 Qa7 57. Nxe7 Qxe7 58. Qxa6 Qd7 59. Qd3 Qg4 60. Rc4 Qd7 61. a4 Qd5 62. Rc2 Ra8 63. Qc4 Qxc4 1-0

[Event "26. Herner Stadtmeisterschaft 2025"]
[Site "?"]
[Date "2025.02.10"]
[Round "3.33"]
[White "Heiduk, Christopher"]
[Black "Wickenfeld, Udo"]
[Result "1-0"]
[WhiteElo "1673"]
[BlackElo "1698"]
[PlyCount "67"]
[GameId "2144193813262536"]
[EventDate "2025.??.??"]
[WhiteTeam "SV Datteln 1924"]
[BlackTeam "SC Recklinghausen Altsta"]

1. e4 c5 2. d4 cxd4 3. c3 e5 4. cxd4 exd4 5. Nf3 d6 6. Nxd4 Nf6 7. Nc3 a6 8. Bg5 Be7 9. Bc4 O-O 10. O-O Nbd7 11. Qe2 Ne5 12. Bb3 Qc7 13. Rac1 Qb6 14. Rfd1 Bd7 15. Bxf6 Bxf6 16. Nd5 Qd8 17. Rc7 b5 18. Rdc1 Rc8 19. Rxc8 Bxc8 20. Nc6 Nxc6 21. Rxc6 Bb7 22. Nxf6+ gxf6 23. Rc3 Qe7 24. Qg4+ Kh8 25. f3 Rg8 26. Qf4 d5 27. Rc7 Qe5 28. Qxe5 fxe5 29. Rxb7 d4 30. Rxf7 Re8 31. Kf2 d3 32. Ke3 Rd8 33. Kd2 b4 34. Re7 1-0

[Event "26. Herner Stadtmeisterschaft 2025"]
[Site "?"]
[Date "2025.02.10"]
[Round "3.34"]
[White "Gutkin, Boris"]
[Black "Steinke, Hans-Jörg"]
[Result "0-1"]
[WhiteElo "1211"]
[BlackElo "1715"]
[PlyCount "66"]
[GameId "2144187128184887"]
[EventDate "2025.??.??"]
[WhiteTeam "SK Sodingen/Castrop 24/23 e. V."]
[BlackTeam "SV Erkenschwick 1923 e"]

1. d3 d5 2. g3 e5 3. Nf3 Nc6 4. Bg2 Nf6 5. O-O Be7 6. e4 dxe4 7. dxe4 Qxd1 8. Rxd1 Bg4 9. Nc3 Bxf3 10. Bxf3 Nd4 11. Bg2 Nxc2 12. Nb5 O-O 13. Rb1 c6 14. Nc3 Rad8 15. Bg5 Rxd1+ 16. Rxd1 Rd8 17. Rc1 Nd4 18. Be3 Bb4 19. Kf1 Ng4 20. Rd1 Nxh2+ 21. Kg1 Ng4 22. Kf1 Nxe3+ 23. fxe3 Ne6 24. Rxd8+ Nxd8 25. Bh3 Bxc3 26. bxc3 Kf8 27. Ke2 Ke7 28. Kd3 Kd6 29. Kc4 b5+ 30. Kb4 Nb7 31. Bc8 a5+ 32. Ka3 Nc5 33. Bf5 g6 0-1

[Event "26. Herner Stadtmeisterschaft 2025"]
[Site "?"]
[Date "2025.02.10"]
[Round "3.35"]
[White "Werner, Lennert"]
[Black "Böcher, Joachim"]
[Result "1/2-1/2"]
[WhiteElo "1059"]
[BlackElo "1510"]
[PlyCount "26"]
[GameId "2144192236245157"]
[EventDate "2025.??.??"]
[WhiteTeam "SK Sodingen/Castrop 24/23 e. V."]
[BlackTeam "SV Günnigfeld 1922 e."]

1. e4 e6 2. d4 c6 3. c4 d6 4. Nc3 Be7 5. Nf3 Nd7 6. Be2 a6 7. O-O c5 8. Be3 b6 9. a3 Ngf6 10. d5 exd5 11. exd5 O-O 12. Qc2 Ne5 13. Nxe5 dxe5 1/2-1/2

[Event "26. Herner Stadtmeisterschaft 2025"]
[Site "?"]
[Date "2025.02.10"]
[Round "3.37"]
[White "Lojack, Rouven"]
[Black "Neumann, Frank"]
[Result "1-0"]
[WhiteElo "1749"]
[BlackElo "1321"]
[PlyCount "73"]
[GameId "2144196143259886"]
[EventDate "2025.??.??"]
[WhiteTeam "SV Königsspringer Halt"]
[BlackTeam "SV Waltrop 1922 e. V."]

1. e4 e5 2. Nf3 Nc6 3. Bb5 a6 4. Ba4 Nf6 5. O-O d6 6. Nc3 Bg4 7. Bxc6+ bxc6 8. d3 Be7 9. h3 Bh5 10. Nb1 O-O 11. Nbd2 d5 12. g4 Bg6 13. Nxe5 Qd6 14. d4 h5 15. Nxg6 fxg6 16. e5 Qe6 17. exf6 Rxf6 18. Re1 Qf7 19. Qe2 Bd6 20. Nf1 Rf3 21. Qe6 Rf8 22. Qxf7+ R8xf7 23. Be3 Rxh3 24. gxh5 gxh5 25. Nd2 g5 26. Kf1 Bf4 27. Ke2 Bxe3 28. fxe3 Rh2+ 29. Kd3 g4 30. Rh1 Rhf2 31. Rxh5 Rg7 32. Rf1 Rg2 33. Rhf5 Rg3 34. Rf6 Re7 35. Re1 Rh3 36. Rg6+ Rg7 37. Rxg7+ 1-0

[Event "26. Herner Stadtmeisterschaft 2025"]
[Site "?"]
[Date "2025.02.10"]
[Round "3.38"]
[White "Mohammad, Othman"]
[Black "Cosic, Tarik"]
[Result "0-1"]
[WhiteElo "1206"]
[BlackElo "1468"]
[PlyCount "78"]
[GameId "2144199553380623"]
[EventDate "2025.??.??"]
[WhiteTeam "SG Wanne"]
[BlackTeam "SV Waltrop 1922 e. V."]

1. e4 c6 2. Bc4 d5 3. Bb3 dxe4 4. d3 Nf6 5. Bf4 Bf5 6. Nc3 exd3 7. Nf3 e6 8. Ne5 Bd6 9. Nxd3 Bxd3 10. Bxd6 Bxc2 11. Bxc2 Nd5 12. Be5 Qg5 13. Bg3 f5 14. Nxd5 cxd5 15. f4 Qf6 16. Ba4+ Kf7 17. O-O a6 18. Qc2 Qe7 19. Rfe1 Rd8 20. Re5 b5 21. Rae1 bxa4 22. Rxf5+ Kg8 23. Rh5 g6 24. Rg5 Qf7 25. h4 Nd7 26. h5 Kg7 27. Bf2 Rac8 28. Bd4+ Nf6 29. Qe2 Rc4 30. Qe3 Rf8 31. f5 exf5 32. Qf4 Re8 33. Rxe8 Qxe8 34. Rxf5 Rxd4 35. Qg3 Qf7 36. Qg5 Rd1+ 37. Kh2 Qe6 38. hxg6 hxg6 39. Kh3 Qxf5+ 0-1

[Event "26. Herner Stadtmeisterschaft 2025"]
[Site "?"]
[Date "2025.02.11"]
[Round "3.39"]
[White "Deno, Thomas"]
[Black "Breimann, Tobias"]
[Result "1/2-1/2"]
[WhiteElo "1722"]
[BlackElo "1693"]
[WhiteTeam "SC Buer-Hassel 1919 e. V."]
[BlackTeam "SV Waltrop 1922 e. V."]

1. d4 d5 2. Nc3 Bf5 3. Bf4 e6 4. e3 Nf6 5. a3 Bd6 6. Nf3 Bxf4 7. exf4 O-O 8. Bd3 Bg4 9. h3 Bxf3 10. Qxf3 a6 11. O-O c6 12. Rfe1 Re8 13. g4 h6 14. g5 hxg5 15. fxg5 Nh7 16. h4 g6 17. Re3 Nd7 18. Rae1 Qb6 19. Qf4 c5 20. Rf3 Rf8 21. Ne2 Qxb2 22. c3 Qxa3 23. Ng3 Qxc3 24. Rb1 b5 25. Bxb5 Qxd4 26. Bxd7 Qxf4 27. Rxf4 Ra7 28. Bc6 f6 29. gxf6 Rxf6 30. Ra4 Kf8 31. Rba1 Ke7 32. Rxa6 Rxa6 33. Rxa6 e5 34. Ra7+ Kd6 35. Bb5 Nf8 36. Ra6+ Ke7 37. Ra7+ Ke6 38. Ra6+ 1/2-1/2

[Event "26. Herner Stadtmeisterschaft 2025"]
[Site "?"]
[Date "2025.02.10"]
[Round "3.40"]
[White "Preuß, Thorsten"]
[Black "Kümmel, Hans-Jürgen"]
[Result "1/2-1/2"]
[WhiteElo "1164"]
[BlackElo "1747"]
[PlyCount "44"]
[GameId "2144190573379721"]
[EventDate "2025.??.??"]
[WhiteTeam "Bochumer SV 02"]
[BlackTeam "SV Günnigfeld 1922 e."]

1. e4 e5 2. Nf3 Nc6 3. Bc4 Be7 4. d3 Nf6 5. Ng5 O-O 6. Nc3 d6 7. h3 Na5 8. Bb5 a6 9. Ba4 b5 10. Bb3 Nxb3 11. axb3 Bb7 12. O-O d5 13. Re1 dxe4 14. dxe4 Qxd1 15. Rxd1 Rad8 16. Be3 Rxd1+ 17. Rxd1 Rd8 18. Rxd8+ Bxd8 19. Bc5 Nd7 20. Be3 Bxg5 21. Bxg5 f6 22. Be3 Kf7 1/2-1/2

[Event "26. Herner Stadtmeisterschaft 2025"]
[Site "?"]
[Date "2025.02.17"]
[Round "4.1"]
[White "Henn, Marcus"]
[Black "Werrn, Pascal"]
[Result "1/2-1/2"]
[WhiteElo "1995"]
[BlackElo "2169"]
[PlyCount "118"]
[GameId "2146761480307263"]
[EventDate "2025.??.??"]
[WhiteTeam "SV Erkenschwick 1923 e"]
[BlackTeam "SK Sodingen/Castrop 24/23 e. V."]

1. Nf3 d5 2. g3 Nf6 3. Bg2 Nc6 4. d4 Bf5 5. c4 e6 6. Nc3 h6 7. O-O Bd6 8. Nh4 Be4 9. Nxe4 dxe4 10. d5 exd5 11. Nf5 Ne7 12. Nxe7 Qxe7 13. cxd5 O-O 14. Be3 Rae8 15. Rc1 Ng4 16. Rc3 f5 17. Bh3 Nxe3 18. Rxe3 g5 19. Qc2 b6 20. Kh1 Qe5 21. f3 Bc5 22. Rc3 g4 23. fxg4 f4 24. Bg2 fxg3 25. Rxg3 Rxf1+ 26. Bxf1 Qf4 27. Bg2 Qf2 28. Qd1 Re5 29. e3 Kg7 30. Qc1 Rxd5 31. Bxe4 Re5 32. Qc3 Qf1+ 33. Rg1 Qf6 34. Bf5 Bd6 35. e4 Kf8 36. Qc6 Qh4 37. Qc2 Rc5 38. Qd2 Rc4 39. Rf1 Rd4 40. Qc2 Qg5 41. Rd1 Rxd1+ 42. Qxd1 Qe3 43. Qf1 Kg7 44. Kg2 Bc5 45. Qd1 Qf2+ 46. Kh3 Bd6 47. e5 Qe3+ 48. Kg2 Qxe5 49. Qc2 Qxh2+ 50. Kf1 Qh1+ 51. Ke2 Qg2+ 52. Kd3 Qf3+ 53. Kc4 b5+ 54. Kxb5 Qd5+ 55. Ka6 c6 56. Qb3 Qxb3 57. axb3 Kf6 58. Bd7 c5 59. Kxa7 Bf8 1/2-1/2

[Event "26. Herner Stadtmeisterschaft 2025"]
[Site "?"]
[Date "2025.02.17"]
[Round "4.2"]
[White "Wolff, Christoph"]
[Black "Winterberg, Andreas"]
[Result "0-1"]
[WhiteElo "1986"]
[BlackElo "2049"]
[PlyCount "62"]
[GameId "2146728860520763"]
[EventDate "2025.??.??"]
[WhiteTeam "SV Horst-Emscher 1931"]
[BlackTeam "SV Waltrop 1922 e. V."]

1. e4 e5 2. Nc3 Nf6 3. f4 d5 4. fxe5 Nxe4 5. Qf3 f5 6. d3 Nxc3 7. bxc3 d4 8. Qg3 Nc6 9. Be2 Be6 10. Bf3 Qd7 11. Ne2 Bc5 12. O-O dxc3+ 13. Kh1 O-O-O 14. Bg5 Rde8 15. Bxc6 Qxc6 16. d4 Bb6 17. Rfd1 h6 18. Bc1 Rd8 19. a4 a5 20. Ra3 Bc4 21. Rxc3 Qxa4 22. Qf3 Bxe2 23. Qxe2 Rxd4 24. Rcd3 Re4 25. Qd2 Kb8 26. Rd5 Qe8 27. Rd3 Qxe5 28. Rd5 Qe6 29. Bb2 Re2 30. Qc3 Qe4 31. Qg3 f4 0-1

[Event "26. Herner Stadtmeisterschaft 2025"]
[Site "?"]
[Date "2025.02.17"]
[Round "4.3"]
[White "Quast, Marcel"]
[Black "Radi, Günter"]
[Result "1-0"]
[WhiteElo "2137"]
[BlackElo "1902"]
[PlyCount "81"]
[GameId "2146734942298444"]
[EventDate "2025.??.??"]
[WhiteTeam "SC Gerthe 46 - Werne"]
[BlackTeam "SV Günnigfeld 1922 e."]

1. f4 d5 2. Nf3 Nf6 3. g3 c5 4. Bg2 g6 5. O-O Bg7 6. d3 O-O 7. c3 Nc6 8. Qe1 Re8 9. e4 e5 10. Nxe5 Nxe5 11. fxe5 Rxe5 12. Bf4 Re8 13. Bg5 h6 14. Bxf6 Bxf6 15. Qf2 Kg7 16. Qxc5 dxe4 17. dxe4 Be5 18. Na3 b6 19. Qd5 Qxd5 20. exd5 Ba6 21. Rfe1 Rac8 22. Bf1 Bxf1 23. Kxf1 a6 24. Rad1 f6 25. Nc2 Kf7 26. Nb4 a5 27. Nc6 Bd6 28. Re2 Rxe2 29. Kxe2 Re8+ 30. Kd3 h5 31. a4 Rc8 32. Kc4 Rc7 33. b4 axb4 34. cxb4 Rd7 35. a5 bxa5 36. bxa5 h4 37. a6 Rc7 38. Kb5 hxg3 39. hxg3 Bxg3 40. d6 Rd7 41. a7 1-0

[Event "26. Herner Stadtmeisterschaft 2025"]
[Site "?"]
[Date "2025.02.17"]
[Round "4.4"]
[White "Peter, Thomas"]
[Black "Hahn, Matthias"]
[Result "1/2-1/2"]
[WhiteElo "2104"]
[BlackElo "2105"]
[PlyCount "36"]
[GameId "2146719047676089"]
[EventDate "2025.??.??"]
[WhiteTeam "SV Wattenscheid 1930 e"]
[BlackTeam "SV Bochum-Linden-Dahlh"]

1. e4 e5 2. Nf3 Nc6 3. Bb5 a6 4. Ba4 Nf6 5. d3 d6 6. c3 g6 7. Be3 Bg7 8. Nbd2 O-O 9. Nf1 b5 10. Bc2 d5 11. Ng3 Bb7 12. Qe2 Qe7 13. O-O Rfe8 14. Bg5 Nb8 15. exd5 Bxd5 16. Rfe1 h6 17. Bd2 Nbd7 18. a4 Qd6 1/2-1/2

[Event "26. Herner Stadtmeisterschaft 2025"]
[Site "?"]
[Date "2025.02.17"]
[Round "4.5"]
[White "Waldschmidt, Georg"]
[Black "Markert, Dirk"]
[Result "0-1"]
[WhiteElo "2125"]
[BlackElo "1925"]
[PlyCount "56"]
[GameId "2146721040179428"]
[EventDate "2025.??.??"]
[WhiteTeam "SK Sodingen/Castrop 24/23 e. V."]
[BlackTeam "SV Kamen 1930"]

1. e4 c5 2. c3 Nf6 3. e5 Nd5 4. Nf3 d6 5. Bc4 Nb6 6. Bb3 c4 7. Bc2 dxe5 8. Nxe5 Qd5 9. Qe2 f6 10. Nf3 Qe6 11. b3 Qxe2+ 12. Kxe2 e5 13. Na3 cxb3 14. axb3 Bd7 15. d4 exd4 16. Nxd4 Nc6 17. Nab5 Nxd4+ 18. Nxd4 Nd5 19. c4 Bc5 20. Bb2 Nb4 21. Be4 O-O-O 22. Rhd1 Rhe8 23. f3 f5 24. Nxf5 Bxf5 25. Ra5 Bxe4 26. fxe4 Rxe4+ 27. Kf3 Re3+ 28. Kf4 Nd3+ 0-1

[Event "26. Herner Stadtmeisterschaft 2025"]
[Site "?"]
[Date "2025.02.17"]
[Round "4.6"]
[White "Mainusch, Martin"]
[Black "Rohloff, Markus"]
[Result "1-0"]
[WhiteElo "2094"]
[BlackElo "1870"]
[PlyCount "59"]
[GameId "2146724278952196"]
[EventDate "2025.??.??"]
[WhiteTeam "SV Mülheim-Nord 1931 e"]
[BlackTeam "SV Rot-Weiß-Altenessen"]

1. d4 Nf6 2. Nf3 g6 3. e3 Bg7 4. Be2 O-O 5. O-O d6 6. Nc3 Nbd7 7. a4 e5 8. a5 e4 9. Nd2 d5 10. f3 c5 11. fxe4 cxd4 12. exd4 dxe4 13. Ndxe4 Nxe4 14. Nxe4 Qe7 15. Bf3 f5 16. Nc3 Nf6 17. Nd5 Nxd5 18. Bxd5+ Kh8 19. c3 Qd6 20. Qf3 Rd8 21. Bxb7 Bxb7 22. Qxb7 Rab8 23. Qxa7 Rd7 24. Bf4 Rxa7 25. Bxd6 Rxb2 26. a6 Bf6 27. Bc5 Ra8 28. a7 Rb5 29. Rfb1 Rxc5 30. dxc5 1-0

[Event "26. Herner Stadtmeisterschaft 2025"]
[Site "?"]
[Date "2025.02.17"]
[Round "4.7"]
[White "Kantor, Nikita"]
[Black "Kandyba, Andriy"]
[Result "1/2-1/2"]
[WhiteElo "1934"]
[BlackElo "2024"]
[PlyCount "72"]
[GameId "2146749319668184"]
[EventDate "2025.??.??"]
[WhiteTeam "SpVigung Sterkrade-Nord"]
[BlackTeam "SV Bochum-Linden-Dahlh"]

1. e4 e6 2. d4 d5 3. Nd2 dxe4 4. Nxe4 Nd7 5. Nf3 Ngf6 6. Nxf6+ Nxf6 7. Be3 Be7 8. Bd3 O-O 9. c3 b6 10. Qe2 Bb7 11. O-O-O Qd5 12. Bb1 Qa5 13. Bf4 c5 14. Rd2 b5 15. dxc5 Bxc5 16. Be5 Be7 17. Nd4 a6 18. Nb3 Qb6 19. Rd4 Qc6 20. Rg1 a5 21. Rh4 g6 22. Nd4 Qc4 23. Qd2 Ne4 24. Bxe4 Bxh4 25. Bxb7 Ra7 26. Bd6 Rxb7 27. Bxf8 Qxa2 28. Nc2 b4 29. Qd4 Kxf8 30. Qxh4 bxc3 31. Qd8+ Kg7 32. Qd4+ f6 33. Qxc3 Rb3 34. Qc7+ Kh6 35. Qf4+ Kg7 36. Qc7+ Kh6 1/2-1/2

[Event "26. Herner Stadtmeisterschaft 2025"]
[Site "?"]
[Date "2025.02.17"]
[Round "4.8"]
[White "Koscielski, Janusz"]
[Black "Funke, Eckhard"]
[Result "1-0"]
[WhiteElo "2266"]
[BlackElo "1920"]
[PlyCount "85"]
[GameId "2146750077862371"]
[EventDate "2025.??.??"]
[WhiteTeam "SV Wattenscheid 1930 e"]
[BlackTeam "SV Günnigfeld 1922 e."]

1. e4 d5 2. exd5 Qxd5 3. Nc3 Qd6 4. d4 Nf6 5. Nf3 c6 6. Ne5 Nbd7 7. f4 g6 8. Bc4 e6 9. a4 Bg7 10. b3 Qb4 11. Qd3 Ne4 12. Bb2 Nxe5 13. fxe5 Nxc3 14. Bxc3 Qe7 15. Bb2 Qh4+ 16. g3 Qg5 17. h4 Qf5 18. Qe2 h5 19. Qg2 g5 20. Rf1 Qh7 21. Bd3 Qg8 22. hxg5 Bf8 23. g6 fxg6 24. Rf6 Bd7 25. Rxg6 Bg7 26. O-O-O O-O-O 27. Rf1 Rh6 28. Kb1 Rxg6 29. Bxg6 Rf8 30. Bxh5 Rxf1+ 31. Qxf1 Bh6 32. g4 b6 33. Bc1 Bxc1 34. Qxc1 Qf8 35. Qe3 Qf1+ 36. Kb2 Qg2 37. g5 b5 38. axb5 cxb5 39. Bf3 Qh2 40. Qe4 Qg1 41. Qa8+ Kc7 42. Qxa7+ Kd8 43. Qb8+ 1-0

[Event "26. Herner Stadtmeisterschaft 2025"]
[Site "?"]
[Date "2025.02.17"]
[Round "4.9"]
[White "Schatte, Michael"]
[Black "Lang, Daniel"]
[Result "1/2-1/2"]
[WhiteElo "1743"]
[BlackElo "2135"]
[PlyCount "111"]
[GameId "2146747879924173"]
[EventDate "2025.??.??"]
[WhiteTeam "SK Sodingen/Castrop 24/23 e. V."]
[BlackTeam "SV Wattenscheid 1930 e"]

1. c4 e6 2. Nf3 d5 3. e3 c6 4. b3 Nf6 5. Bb2 Bd6 6. g3 O-O 7. Bg2 Nbd7 8. O-O Re8 9. d4 b6 10. Re1 Bb7 11. Nc3 Rc8 12. e4 dxe4 13. Nxe4 Nxe4 14. Rxe4 c5 15. Re1 Qc7 16. Ne5 Red8 17. Bxb7 Qxb7 18. Qf3 Qxf3 19. Nxf3 cxd4 20. Bxd4 Bb4 21. Red1 f6 22. Bb2 Nc5 23. a3 Nxb3 24. axb4 Nxa1 25. Rxa1 Rxc4 26. Rxa7 Rxb4 27. Ba3 Rb1+ 28. Kg2 Rd3 29. Ra8+ Kf7 30. Ra7+ Ke8 31. Ra8+ Rd8 32. Ra7 Rd7 33. Ra8+ Kf7 34. Rf8+ Kg6 35. g4 Rd3 36. Be7 Rbb3 37. Ng1 Rd4 38. h3 Rd2 39. h4 Rd4 40. f3 Rdd3 41. h5+ Kh6 42. Rg8 Rd7 43. Bf8 e5 44. Nh3 f5 45. gxf5 e4 46. f6 exf3+ 47. Kg3 f2+ 48. Kxf2 Rxh3 49. Rxg7 Rd2+ 50. Ke1 Rd8 51. Rg6+ Kxh5 52. Rh6+ Kg5 53. Rxh3 Rxf8 54. Rxh7 Rxf6 55. Kd2 Rc6 56. Rf7 1/2-1/2

[Event "26. Herner Stadtmeisterschaft 2025"]
[Site "?"]
[Date "2025.02.17"]
[Round "4.10"]
[White "Schicktanz, Florian"]
[Black "Graw, Christopher"]
[Result "0-1"]
[WhiteElo "1777"]
[BlackElo "2227"]
[PlyCount "74"]
[GameId "2146747092578754"]
[EventDate "2025.??.??"]
[WhiteTeam "SV Erkenschwick 1923 e"]
[BlackTeam "SK Sodingen/Castrop 24/23 e. V."]

1. c4 f5 2. Nf3 Nf6 3. d4 d6 4. Nc3 g6 5. d5 Bg7 6. Nd4 O-O 7. g3 c5 8. dxc6 Nxc6 9. Nxc6 bxc6 10. Bg2 Qc7 11. Nb5 Qd7 12. O-O Rb8 13. Nd4 c5 14. Nb5 Bb7 15. f3 Bc6 16. Nc3 Qe6 17. Qd3 d5 18. cxd5 Nxd5 19. Qc4 Rb4 20. Qd3 Qe5 21. f4 Qd4+ 22. Qxd4 Bxd4+ 23. Kh1 e6 24. a3 Rb3 25. Nxd5 Bxd5 26. Bxd5 exd5 27. Rf3 Rxf3 28. exf3 Re8 29. Bd2 Bxb2 30. Ra2 Bd4 31. g4 Re2 32. Rc2 Kf7 33. gxf5 gxf5 34. a4 c4 35. h4 Bf6 36. h5 c3 37. Rxc3 Bxc3 0-1

[Event "26. Herner Stadtmeisterschaft 2025"]
[Site "?"]
[Date "2025.02.17"]
[Round "4.11"]
[White "Baumeister, Sven"]
[Black "Wiechen, Ulrich"]
[Result "0-1"]
[WhiteElo "1737"]
[BlackElo "2156"]
[PlyCount "66"]
[GameId "2146739038392691"]
[EventDate "2025.??.??"]
[WhiteTeam "SV Datteln 1924"]
[BlackTeam "SC Buer-Hassel 1919 e. V."]

1. d4 d5 2. c4 e6 3. Nf3 Nf6 4. g3 Nbd7 5. Bg2 Be7 6. O-O O-O 7. Nc3 dxc4 8. a4 a5 9. Qc2 Nd5 10. Na2 N5b6 11. Nd2 Bf6 12. e3 c5 13. Nxc4 Nxc4 14. Qxc4 cxd4 15. Rd1 e5 16. exd4 exd4 17. Bf4 Ne5 18. Qb5 Bd7 19. Qxb7 Rb8 20. Qe4 Bc6 21. Qe2 Bxg2 22. Kxg2 Qd5+ 23. f3 Qc4 24. Qd2 Rb3 25. Bxe5 Bxe5 26. Nc1 Rb6 27. Nd3 Qd5 28. Nxe5 Qxe5 29. Qxd4 Rxb2+ 30. Kh3 Qe2 31. Qg1 Qxf3 32. Rd4 Qf5+ 33. g4 Rb3+ 0-1

[Event "26. Herner Stadtmeisterschaft 2025"]
[Site "?"]
[Date "2025.02.17"]
[Round "4.12"]
[White "Cobanoglu, Ferhat"]
[Black "Evers, Klaus"]
[Result "1-0"]
[WhiteElo "1888"]
[BlackElo "1790"]
[PlyCount "75"]
[GameId "2146754759827983"]
[EventDate "2025.??.??"]
[WhiteTeam "SK Sodingen/Castrop 24/23 e. V."]
[BlackTeam "SV Günnigfeld 1922 e."]

1. e4 e5 2. Nf3 d6 3. c3 Nf6 4. d4 exd4 5. Qxd4 Nc6 6. Bb5 Bd7 7. Qd3 Be7 8. O-O O-O 9. a4 Ne5 10. Nxe5 dxe5 11. Nd2 Be6 12. Qe2 c6 13. Bd3 Qc7 14. Nc4 Bg4 15. f3 Bc5+ 16. Kh1 Be6 17. b4 Be7 18. a5 b5 19. axb6 axb6 20. Be3 c5 21. b5 Rfd8 22. Nb2 Ne8 23. c4 Ra7 24. Qc2 Rda8 25. Ra4 Rxa4 26. Nxa4 Nd6 27. Bd2 Qa7 28. Ra1 Bf6 29. Ra3 Kf8 30. Qc3 Nb7 31. Bc2 Nd6 32. Bb3 Ne8 33. Bc1 Qb8 34. g4 Qd8 35. Kg2 h6 36. Bc2 Nd6 37. Bd3 Nc8 38. Nxc5 1-0

[Event "26. Herner Stadtmeisterschaft 2025"]
[Site "?"]
[Date "2025.02.17"]
[Round "4.13"]
[White "Klein, Andreas"]
[Black "Schelwokat, Peter"]
[Result "1/2-1/2"]
[WhiteElo "1826"]
[BlackElo "1942"]
[PlyCount "84"]
[GameId "2146751473181166"]
[EventDate "2025.??.??"]
[WhiteTeam "SC Buer-Hassel 1919 e. V."]
[BlackTeam "SpVigung Sterkrade-Nord"]

1. e4 c5 2. d3 d6 3. f4 Nc6 4. Nf3 Nf6 5. Be2 g6 6. c3 Bg7 7. Na3 e5 8. O-O O-O 9. Nc2 Qb6 10. fxe5 dxe5 11. b3 Ng4 12. Kh1 c4 13. bxc4 f5 14. Qe1 fxe4 15. dxe4 Be6 16. h3 Nf6 17. Bd3 Rfd8 18. Qe2 Nh5 19. Kh2 Na5 20. Nb4 Rac8 21. Nd5 Bxd5 22. cxd5 Nf4 23. Bxf4 exf4 24. Rab1 Qe3 25. c4 Qxe2 26. Bxe2 Nxc4 27. Rxb7 Nd6 28. Rxa7 Nxe4 29. Rb1 Rxd5 30. Rbb7 Bf8 31. Rc7 Rxc7 32. Rxc7 Nd6 33. Ra7 Rc5 34. Bd1 Ne4 35. Bb3+ Kh8 36. h4 Bd6 37. Ra4 Ng3 38. Rc4 Nf1+ 39. Kg1 Ne3 40. Rxc5 Bxc5 41. Kf2 h6 42. Kg1 Kg7 1/2-1/2

[Event "26. Herner Stadtmeisterschaft 2025"]
[Site "?"]
[Date "2025.02.17"]
[Round "4.14"]
[White "Gausmann, Thomas"]
[Black "Tolksdorf, Jürgen"]
[Result "0-1"]
[WhiteElo "1821"]
[BlackElo "1688"]
[PlyCount "66"]
[GameId "2146741272740222"]
[EventDate "2025.??.??"]
[WhiteTeam "SG Bochum 1931"]
[BlackTeam "SV Günnigfeld 1922 e."]

1. e4 b6 2. d4 e6 3. Nf3 Bb7 4. Bd3 Nc6 5. c3 Qe7 6. O-O h6 7. d5 Nd8 8. Re1 f6 9. Nh4 Qf7 10. e5 f5 11. d6 cxd6 12. exd6 g6 13. Na3 Bxd6 14. Nb5 Bb8 15. Nf3 Nc6 16. a4 Nge7 17. Bc2 g5 18. Nd6+ Bxd6 19. Qxd6 Rd8 20. b4 g4 21. Nh4 Qf6 22. b5 Qxc3 23. Ba3 Nc8 24. Qd1 N6e7 25. Qb1 Qf6 26. Bb2 Qxh4 27. Bxh8 Ng6 28. Qb2 Nce7 29. Bf6 Qh5 30. Rad1 Bxg2 31. Bd3 Bf3 32. Rd2 Nf4 33. Bf1 Nh3+ 0-1

[Event "26. Herner Stadtmeisterschaft 2025"]
[Site "?"]
[Date "2025.02.17"]
[Round "4.15"]
[White "Boxberg, Olaf"]
[Black "Kramer, Martin"]
[Result "1/2-1/2"]
[WhiteElo "1834"]
[BlackElo "1816"]
[PlyCount "24"]
[GameId "2146714008518753"]
[EventDate "2025.??.??"]
[WhiteTeam "SV Datteln 1924"]
[BlackTeam "Dortmunder SV 1875"]

1. d4 d5 2. Nf3 Nf6 3. e3 c5 4. b3 Nc6 5. Bd3 Qc7 6. a3 e5 7. dxe5 Nxe5 8. Bb2 Bd6 9. Bb5+ Bd7 10. Bxd7+ Nexd7 11. Nc3 Qc6 12. O-O O-O 1/2-1/2

[Event "26. Herner Stadtmeisterschaft 2025"]
[Site "?"]
[Date "2025.02.17"]
[Round "4.16"]
[White "Sikorski, Thomas"]
[Black "Kleinert, Andreas"]
[Result "1/2-1/2"]
[WhiteElo "1811"]
[BlackElo "1844"]
[PlyCount "125"]
[GameId "2146756631847450"]
[EventDate "2025.??.??"]
[WhiteTeam "SF Essen-Katernberg 0"]
[BlackTeam "SC Buer-Hassel 1919 e. V."]

1. c4 e5 2. Nc3 Nf6 3. Nf3 d6 4. d4 Nbd7 5. e4 Be7 6. Be2 O-O 7. O-O c6 8. a3 a6 9. Be3 b5 10. h3 Bb7 11. Qc2 Rc8 12. Rfd1 Qc7 13. Rac1 Rfe8 14. dxe5 Nxe5 15. Nxe5 dxe5 16. c5 Red8 17. b4 a5 18. Rxd8+ Rxd8 19. Rd1 Bc8 20. Rd2 Be6 21. Qd1 Nd7 22. Bg4 Nf8 23. Rxd8 Qxd8 24. Qxd8 Bxd8 25. Bxe6 Nxe6 26. Kf1 axb4 27. axb4 Kf8 28. Ke2 h5 29. Kd3 Ke7 30. Ne2 h4 31. Nc3 Kd7 32. Ne2 Be7 33. Nc3 Bg5 34. Bxg5 Nxg5 35. Ke3 Ne6 36. Ne2 Ke7 37. Kd3 Kf6 38. Ke3 Kg5 39. Ng1 Kh5 40. Ne2 f6 41. f4 Nc7 42. g4+ hxg3 43. Nxg3+ Kg6 44. fxe5 fxe5 45. Nf5 Kf6 46. Kd3 Ne6 47. h4 Nf4+ 48. Kd2 g6 49. Ne3 Ke6 50. Kc3 Ne2+ 51. Kd3 Nd4 52. Ng2 Kf7 53. Ne3 Nf3 54. Ng2 Ke6 55. Ke3 Nd4 56. Kd3 Kf7 57. Ne3 Nf3 58. Ng2 Kg7 59. Ke3 Nd4 60. Kd3 Kh6 61. Nf4 Kh7 62. Ng2 Ne6 63. Ne3 1/2-1/2

[Event "26. Herner Stadtmeisterschaft 2025"]
[Site "?"]
[Date "2025.02.17"]
[Round "4.17"]
[White "Boost, Jürgen"]
[Black "Scheithauer, Ralf"]
[Result "1/2-1/2"]
[WhiteElo "1969"]
[BlackElo "1309"]
[PlyCount "43"]
[GameId "2146719455928516"]
[EventDate "2025.??.??"]
[WhiteTeam "SC Gerthe 46 - Werne"]
[BlackTeam "Bochumer SV 02"]

1. e4 e5 2. Nf3 Nc6 3. Nc3 Nf6 4. d4 d6 5. dxe5 dxe5 6. Qxd8+ Kxd8 7. Bg5 Be7 8. O-O-O+ Bd7 9. Bb5 Ng4 10. Bxc6 bxc6 11. Bxe7+ Kxe7 12. Rd2 f6 13. h3 Nh6 14. Rhd1 Rhd8 15. Na4 Be8 16. Rxd8 Rxd8 17. Rxd8 Kxd8 18. Kd2 Nf7 19. Ke3 Nd6 20. Nd2 Bf7 21. Nc3 Ke7 22. g3 1/2-1/2